Introductory geometry

Αποθηκεύτηκε σε:
Λεπτομέρειες βιβλιογραφικής εγγραφής
Κύριος συγγραφέας: Hudspeth, Mary Kay
Μορφή: Βιβλίο
Γλώσσα:English
Δημοσίευση: Reading, Mass. : Addison-Wesley, c1993
Θέματα:
Ετικέτες: Προσθήκη ετικέτας
Δεν υπάρχουν, Καταχωρήστε ετικέτα πρώτοι!

MARC

LEADER 00000nam a2200000 i 4500
001 1/16437
008 010129s1993 eng d
020 |a 0-201-10690-6 
035 |l 10065772 
040 |a GR-MY-UA  |b gre  |e aacr 
041 0 |a eng 
082 0 |a 516 
100 1 |a Hudspeth, Mary Kay. 
245 1 0 |a Introductory geometry /  |c Mary Kay Hudspeth 
260 |a Reading, Mass. :   |b Addison-Wesley,   |c c1993 
300 |a 557 p.;  |b ill.;  |c 28 cm. 
504 |a Includes index 
650 0 0 |a Geometry. 
852 |a INST  |b SAMOS  |e 20010129  |h 516 HUD  |p 005300022107  |q 005300022107  |t BK  |y 0 
901 |a BIBL3-2001-1 
909 |a Σ  |b 084276 
922 |a 3ΕΛΗ  |b 200012  |c ΚΠΣ  |d ΜΙΧΑΛΟΠΟΥΛΟΣ 
950 |a 116-1999-12-28 
970 |a ΠΟΥΡΝΑΡΑΣ  |b ΔΗΜΗΤΡΗΣ  |z 2001/02/02